[Event "FRA-chT4 0304"]
[Site "Champagne Ardenne"]
[Date "2004.03.14"]
[Round "6"]
[White "Carniol, Jean Louis"]
[Black "Pierquin, Bernard"]
[Result "1/2-1/2"]
[WhiteElo "1980"]
[BlackElo "1980"]
[PlyCount "59"]
[EventDate "2003.10.??"]
[EventRounds "6"]
[EventCountry "FRA"]
[SourceTitle "EXT 2005"]
[Source "ChessBase"]
[SourceDate "2004.11.15"]
[SourceVersion "1"]
[SourceVersionDate "2004.11.15"]
[SourceQuality "1"]

1. e4 e5 2. Nf3 Nc6 3. Bb5 a6 4. Ba4 Nf6 5. Qe2 b5 6. Bb3 Be7 7. c3 d6 8. a4 Rb8 9. axb5 axb5 10. d4 exd4 11. Nxd4 Nxd4 12. cxd4 0-0 13. 0-0 c5 14. dxc5 dxc5 15. Bf4 Rb7 16. Rd1 Rd7 17. Nc3 c4 18. Bc2 Qb6 19. e5 Rxd1+ 20. Nxd1 Bg4 21. Qe1 Nd5 22. Qe4 Qg6 23. Qxd5 Qxc2 24. Rc1 Qb3 25. Ne3 Be6 26. Qd2 Rd8 27. Qc2 Qb4 28. Qc3 Qa4 29. Qc2 Qb4 30. Qc3 1/2-1/2

[Event "FRA-chT4 0102"]
[Site "Champagne Ardenne"]
[Date "2002.01.20"]
[Round "4"]
[White "Pierquin, Bernard"]
[Black "Sclacmender, Julien"]
[Result "1/2-1/2"]
[WhiteElo "2030"]
[BlackElo "2170"]
[PlyCount "119"]
[EventDate "2002.10.??"]
[EventType "team"]
[EventRounds "7"]
[EventCountry "FRA"]
[SourceTitle "EXT 2005"]
[Source "ChessBase"]
[SourceDate "2004.11.15"]
[SourceVersion "1"]
[SourceVersionDate "2004.11.15"]
[SourceQuality "1"]

1. e4 c5 2. c3 Nf6 3. e5 Nd5 4. d4 cxd4 5. Nf3 Nc6 6. cxd4 d6 7. Bc4 e6 8. 0-0 Be7 9. Bxd5 exd5 10. Nc3 Be6 11. Bf4 dxe5 12. Nxe5 0-0 13. Rc1 Rc8 14. Qd2 Qa5 15. a3 f6 16. Nxc6 Rxc6 17. Ne2 Qxd2 18. Bxd2 Rfc8 19. Rxc6 Rxc6 20. Rc1 Bd8 21. Nf4 Rxc1+ 22. Bxc1 Kf7 23. Kf1 Bb6 24. Be3 g5 25. Nxe6 Kxe6 26. Ke2 f5 27. f3 f4 28. Bf2 Kf5 29. Kd3 h5 30. h3 a6 31. Be1 g4 32. hxg4+ hxg4 33. Bb4 Bd8 34. Be1 Kg5 35. b4 Be7 36. a4 b5 37. axb5 axb5 38. Ke2 Kh5 39. Bd2 Bg5 40. Bc3 Bh4 41. Bd2 Bg3 42. Bc3 Kh4 43. Bd2 Kg5 44. Bc3 Bh2 45. Kf1 Kh5 46. Be1 Kg5 47. Bd2 Bg3 48. Bc3 gxf3 49. gxf3 Bh4 50. Bd2 Kf5 51. Bc3 Be7 52. Kg2 Bf6 53. Kh3 Kg5 54. Kg2 Kh5 55. Kh3 Bh4 56. Kg2 Bg3 57. Bd2 Bh4 58. Bc3 Bg3 59. Bd2 Kh4 60. Bc3 1/2-1/2